000 00845nam a22002297a 4500
999 _c1295
_d1295
003 AR-CdUCM
008 190226b ||||| |||| 00| 0 spa d
040 _aMUNICIPALIDAD PROVINCIAL DEL CUSCO
_cBIBLIOTECA MUNICIPAL DEL CUSCO
082 _a985.61 /
_bAN61
100 _aAngles Vargas, Victor
_94995
245 _aLa Basílica Catedral del Cusco /
260 _aPerú :
_bIndustrialGráfica S. A. ;
_c1999.
300 _a350 páginas
_bfotografías, ilustraciones
_c20cm
505 _aEtapas de su construcción -- Descripción del monumento -- Capillas y altares -- Riqueza pictórica -- Riqueza de oro, plata y pedrería
650 _aConstrucción
_94996
650 _aPinturas
_94997
650 _aAltares
_94998
650 _aCampanas
_9895
650 _aCatedral de Cusco
_94999
942 _2ddc
_cLIBROS
945 _anom
_d2019-02-26